Which operator is hiding behind those eyes - Statistics

General Stats
  • This quiz has been taken 3 times
  • The average score is 10 of 20
Answer Stats
Picture Answer % Correct
Buck
100%
Dokkaebi
100%
Goyo
100%
Kaid
100%
Melusi
100%
Mute
100%
Nokk
100%
Smoke
100%
Thorn
100%
Skopos
50%
Sledge
50%
Amaru
0%
Blitz
0%
Doc
0%
Frost
0%
Glaz
0%
IQ
0%
Tubarao
0%
Twitch
0%
Zofia
0%
No matching quizzes found
Score Distribution
Percent of People with Each Score
Percentile by Number Answered
Your Score History
You have not taken this quiz